Central Library || Chittagong University

নারীর ক্ষমতায়ন : (Record no. 21400)

MARC details
000 -LEADER
fixed length control field 00890nam a2200217 a 4500
001 - CONTROL NUMBER
control field 021400
003 - CONTROL NUMBER IDENTIFIER
control field BD-ChCU
005 - DATE AND TIME OF LATEST TRANSACTION
control field 20251217143347.0
008 - FIXED-LENGTH DATA ELEMENTS--GENERAL INFORMATION
fixed length control field Ben
020 ## - INTERNATIONAL STANDARD BOOK NUMBER
International Standard Book Number ৯৮৪৪১০৩৪২৮
040 ## - CATALOGING SOURCE
Original cataloging agency DLC
Transcribing agency DLC
Modifying agency BD-ChCU
082 00 - DEWEY DECIMAL CLASSIFICATION NUMBER
Classification number ৩২৩.৩৪/নারী ৫৭
100 1# - MAIN ENTRY--PERSONAL NAME
Personal name -
245 10 - TITLE STATEMENT
Title নারীর ক্ষমতায়ন :
Remainder of title রাজনীতি ও আন্দোলন /
Statement of responsibility, etc. হোসেন, সেলিনা ও মাসুদুজ্জামান ( সম্পাদনায়)
260 ## - PUBLICATION, DISTRIBUTION, ETC.
Place of publication, distribution, etc. ঢাকা :
Name of publisher, distributor, etc. মাওলা ব্রাদার্স ,
Date of publication, distribution, etc. ২০০৭
300 ## - PHYSICAL DESCRIPTION
Extent ১৪৩
504 ## - BIBLIOGRAPHY, ETC. NOTE
Bibliography, etc. note - Biblio-
650 #0 - SUBJECT ADDED ENTRY--TOPICAL TERM
Topical term or geographic name entry element নারী সামাজিক অবস্থা
Topical term following geographic name entry element নারী
700 1# - ADDED ENTRY--PERSONAL NAME
Personal name হোসেন, সেলিনা ও মাসুদুজ্জামান
942 ## - ADDED ENTRY ELEMENTS (KOHA)
Source of classification or shelving scheme Dewey Decimal Classification
Koha item type Books
Holdings
Withdrawn status Lost status Source of classification or shelving scheme Damaged status Not for loan Home library Current library Shelving location Date acquired Source of acquisition Total Checkouts Full call number Barcode Date last seen Copy number Price effective from Koha item type Public note
    Dewey Decimal Classification     Chittagong University Library Chittagong University Library Business and Social Science Reading Room 06/14/2015 ক্রয়কৃত   ৩২৩.৩৪/নারী ৫৭ B২৭১৯৯৩ 09/13/2015 ১০ 09/13/2015 Books -
    Dewey Decimal Classification     Chittagong University Library Chittagong University Library Business and Social Science Reading Room 11/09/2016 ক্রয়কৃত   ৩২৩.৩৪/নারী ৫৭ B৩০৭০৮৯ 11/09/2016 ১১ 11/09/2016 Books  
    Dewey Decimal Classification     Chittagong University Library International Relations Seminar Library Business and Social Science Reading Room 06/14/2015 ক্রয়কৃত   ৩২৩.৩৪/নারী ৫৭ B২৭১৯৯২ 09/13/2015 ০৯ 09/13/2015 Books -
© Copyright 2025. Chittagong University Library, Installation and Maintenance by Prof. Dr. Md. Alamgir, 01711306253